[Event "Flex Double RR"]
[Site "New Westminster CAN"]
[Date "2005.04.30"]
[Round "13"]
[White "Sladek, Vaclav"]
[Black "Azmitia, Eduardo"]
[Result "1/2-1/2"]
[WhiteElo "2046"]
[BlackElo "1668"]
[PlyCount "99"]
[GameId "2160767911031446"]
[EventDate "2005.01.25"]
[EventType "tourn"]
[EventRounds "20"]
[EventCountry "CAN"]
[SourceTitle "Vas Sladek"]

1. d4 d5 2. c4 e6 3. Nc3 Nf6 4. Nf3 Be7 5. Bf4 O-O 6. Rc1 c6 7. e3 Nbd7 8. h3 c5 9. dxc5 Nxc5 10. cxd5 Nxd5 11. Nxd5 exd5 12. a3 Ne6 13. Be5 Bf6 14. Bd4 Nxd4 15. Nxd4 Qa5+ 16. Rc3 Be6 17. b4 Qb6 18. Be2 Rac8 19. Rd3 Rc4 20. O-O Bxd4 21. Rxd4 Rxd4 22. Qxd4 Qxd4 23. exd4 Rc8 24. Rd1 Rc2 25. Kf1 Ra2 26. Ke1 Rxa3 27. Rc1 Ra4 28. Rb1 Bf5 29. Rb2 Ra1+ 30. Bd1 Rb1 31. Rxb1 Bxb1 32. Bb3 b6 33. Bxd5 a5 34. bxa5 bxa5 35. Kd2 Kf8 36. Kc3 Bf5 37. Bc6 Ke7 38. Kc4 Kd6 39. Be8 Be6+ 40. Kc3 Kd5 41. Bb5 Kd6 42. f3 f6 43. h4 h6 44. Ba4 g5 45. hxg5 hxg5 46. Kd3 Bd7 47. Bd1 Bb5+ 48. Kc3 Bf1 49. g3 Bb5 50. f4 1/2-1/2

[Event "Flex Double RR"]
[Site "New Westminster CAN"]
[Date "2005.05.14"]
[Round "14"]
[White "Sladek, Vaclav"]
[Black "Shiu, Josh"]
[Result "1-0"]
[WhiteElo "2046"]
[BlackElo "1868"]
[PlyCount "85"]
[GameId "2160767911031447"]
[EventDate "2005.01.25"]
[EventType "tourn"]
[EventRounds "20"]
[EventCountry "CAN"]
[SourceTitle "Vas Sladek"]

1. Nf3 Nf6 2. c4 g6 3. d4 Bg7 4. Nc3 O-O 5. e4 d6 6. h3 Nc6 7. Bg5 b6 8. Be2 Bb7 9. Qd2 Re8 10. Rd1 a6 11. O-O Kh8 12. Bh6 e5 13. d5 Ne7 14. Bxg7+ Kxg7 15. Nh2 Neg8 16. Rde1 c5 17. f4 exf4 18. Qxf4 Qc7 19. g4 Qe7 20. Bd3 Qe5 21. Qxe5 dxe5 22. Rf2 Bc8 23. Ref1 Ra7 24. Be2 h6 25. Kg2 Nh7 26. Nf3 Ng5 27. Nd2 Nh7 28. Rb1 Rd8 29. b4 Nf8 30. bxc5 bxc5 31. Nb3 Rc7 32. Na4 Nd7 33. Na5 Rf8 34. Bd3 f5 35. gxf5 gxf5 36. exf5 Ngf6 37. Re1 h5 38. Kh2 Rh8 39. Rg2+ Kf7 40. Nc3 e4 41. Bxe4 Ne5 42. Kh1 Nxc4 43. Nxc4 1-0

[Event "Flex Double RR"]
[Site "New Westminster CAN"]
[Date "2005.05.17"]
[Round "15"]
[White "Sladek, Vaclav"]
[Black "Dickson, Chris"]
[Result "1-0"]
[WhiteElo "2046"]
[BlackElo "1854"]
[PlyCount "47"]
[GameId "2160767911031448"]
[EventDate "2005.01.25"]
[EventType "tourn"]
[EventRounds "20"]
[EventCountry "CAN"]
[SourceTitle "Vas Sladek"]

1. d4 Nf6 2. Nf3 d5 3. c4 c6 4. Nc3 Bf5 5. e3 e6 6. Bd3 Ne4 7. O-O Bd6 8. Qc2 Nxc3 9. Bxf5 Ne2+ 10. Qxe2 exf5 11. cxd5 cxd5 12. Bd2 O-O 13. Bc3 Nd7 14. Qb5 Nb6 15. a4 a6 16. Qd3 Qf6 17. Ne5 Rac8 18. g3 Bxe5 19. dxe5 Qe6 20. Rfd1 Rfd8 21. Ba5 Rc6 22. Rac1 g6 23. Rxc6 Qxc6 24. Qd4 1-0

[Event "Flex Double RR"]
[Site "New Westminster CAN"]
[Date "2005.06.04"]
[Round "16"]
[White "Sladek, Vaclav"]
[Black "Co, Gilbert"]
[Result "1/2-1/2"]
[WhiteElo "2046"]
[BlackElo "2090"]
[PlyCount "53"]
[GameId "2160767911031449"]
[EventDate "2005.01.25"]
[EventType "tourn"]
[EventRounds "20"]
[EventCountry "CAN"]
[SourceTitle "Vas Sladek"]

1. d4 e6 2. c4 d5 3. Nc3 Nf6 4. Nf3 c6 5. e3 Bd6 6. Bd3 O-O 7. Qc2 Nbd7 8. O-O Qc7 9. h3 e5 10. cxd5 cxd5 11. dxe5 Nxe5 12. Nxe5 Bxe5 13. Bd2 Be6 14. Rac1 a6 15. Na4 Qxc2 16. Rxc2 Rac8 17. Rfc1 Ne4 18. Bb4 Rxc2 19. Rxc2 Rc8 20. Rxc8+ Bxc8 21. b3 b5 22. f3 bxa4 23. fxe4 axb3 24. axb3 dxe4 25. Bxe4 Be6 26. Bb7 Bxb3 27. Bxa6 1/2-1/2

[Event "Flex Double RR"]
[Site "New Westminster CAN"]
[Date "2005.06.07"]
[Round "17"]
[White "Sladek, Vaclav"]
[Black "Stephens, Desmond"]
[Result "1-0"]
[WhiteElo "2046"]
[BlackElo "1739"]
[PlyCount "25"]
[GameId "2160767911031450"]
[EventDate "2005.01.25"]
[EventType "tourn"]
[EventRounds "20"]
[EventCountry "CAN"]
[SourceTitle "Vas Sladek"]

1. d4 d5 2. c4 e6 3. Nc3 Nf6 4. Nf3 c5 5. cxd5 cxd4 6. Qxd4 Nxd5 7. e4 Nb4 8. Qxd8+ Kxd8 9. Bg5+ f6 10. O-O-O+ Bd7 11. Be3 a6 12. Bc4 b5 13. Bxe6 1-0

[Event "Flex Double RR"]
[Site "New Westminster CAN"]
[Date "2005.06.21"]
[Round "18"]
[White "Dickson, Chris"]
[Black "Sladek, Vaclav"]
[Result "1/2-1/2"]
[WhiteElo "1854"]
[BlackElo "2046"]
[PlyCount "60"]
[GameId "2160767911031451"]
[EventDate "2005.01.25"]
[EventType "tourn"]
[EventRounds "20"]
[EventCountry "CAN"]
[SourceTitle "Vas Sladek"]

1. Nf3 Nf6 2. g3 d5 3. Bg2 c6 4. O-O Bg4 5. Ne5 Bh5 6. d3 Nbd7 7. Nxd7 Qxd7 8. Nd2 e5 9. Nf3 Bd6 10. c4 dxc4 11. dxc4 Rd8 12. Qc2 Bg6 13. Qa4 b5 14. cxb5 cxb5 15. Qb3 O-O 16. Rd1 Qc7 17. Ne1 Qb6 18. Be3 Bc5 19. Bxc5 Qxc5 20. Rac1 Qb6 21. Rc6 Qb8 22. Rdc1 e4 23. Nc2 h5 24. e3 Ng4 25. Nd4 Ne5 26. Rc7 a6 27. R1c5 Nd3 28. R5c6 Ne5 29. Rc5 Nd3 30. R5c6 Ne5 1/2-1/2

[Event "Flex Double RR"]
[Site "New Westminster CAN"]
[Date "2005.07.06"]
[Round "19"]
[White "Sladek, Vaclav"]
[Black "Kerry, James"]
[Result "1/2-1/2"]
[WhiteElo "2046"]
[BlackElo "1945"]
[PlyCount "91"]
[GameId "2160767911031452"]
[EventDate "2005.01.25"]
[EventType "tourn"]
[EventRounds "20"]
[EventCountry "CAN"]
[SourceTitle "Vas Sladek"]

1. d4 Nf6 2. c4 c5 3. d5 b5 4. cxb5 a6 5. b6 d6 6. Nc3 Nbd7 7. e4 g6 8. Nf3 Bg7 9. Nd2 O-O 10. Be2 Nxb6 11. O-O e6 12. Nc4 exd5 13. exd5 Bb7 14. Qb3 Nxc4 15. Bxc4 Qd7 16. Bf4 Rfe8 17. Rfe1 Ng4 18. Qa4 Qxa4 19. Nxa4 Be5 20. Bxe5 Nxe5 21. b3 Nd7 22. Kf1 Kf8 23. Nc3 f5 24. f3 Rxe1+ 25. Rxe1 Re8 26. Rxe8+ Kxe8 27. Kf2 f4 28. g3 fxg3+ 29. hxg3 Ke7 30. f4 Nf6 31. Ke3 a5 32. Kf3 h6 33. Ke3 Bc8 34. Bd3 g5 35. Bg6 Bb7 36. Be4 gxf4+ 37. Kxf4 Nd7 38. Bf5 Ne5 39. g4 Ba6 40. Na4 Kf6 41. Nc3 Bd3 42. Bxd3 Nxd3+ 43. Ke4 Ne5 44. Kf4 Ng6+ 45. Ke4 Ne5 46. Kf4 1/2-1/2

[Event "Flex Double RR"]
[Site "New Westminster CAN"]
[Date "2005.07.07"]
[Round "20"]
[White "Kerry, James"]
[Black "Sladek, Vaclav"]
[Result "1-0"]
[WhiteElo "1945"]
[BlackElo "2046"]
[PlyCount "77"]
[GameId "2160767911031453"]
[EventDate "2005.01.25"]
[EventType "tourn"]
[EventRounds "20"]
[EventCountry "CAN"]
[SourceTitle "Vas Sladek"]

1. d4 Nf6 2. c4 e6 3. Nc3 Bb4 4. Qc2 O-O 5. a3 Bxc3+ 6. Qxc3 b6 7. Bg5 Ba6 8. f3 h6 9. Bh4 d5 10. e4 dxe4 11. fxe4 Nxe4 12. Bxd8 Nxc3 13. Bxc7 Ne4 14. Bd3 Nf6 15. Bg3 Nbd7 16. Nf3 Rac8 17. Rc1 Rfe8 18. O-O Nh5 19. Be5 Red8 20. Rfd1 Bb7 21. Bd6 Ndf6 22. Bb4 Nf4 23. Bf1 Ne4 24. Bd2 Nxd2 25. Rxd2 g5 26. Rcd1 Kf8 27. Kf2 f6 28. g3 Ng6 29. d5 e5 30. Ne1 f5 31. b4 e4 32. Ke3 Re8 33. Ng2 Ne5 34. Rc2 Ng4+ 35. Kd4 Rcd8 36. Ne3 Nxe3 37. Kxe3 Kf7 38. d6 Ke6 39. c5 1-0

[Event "Gatineau LEO ferme"]
[Site "Gatineau CAN"]
[Date "2005.04.05"]
[Round "1"]
[White "Gagnon, Fabien"]
[Black "Brousseau, Yvan"]
[Result "1/2-1/2"]
[WhiteElo "2003"]
[BlackElo "2035"]
[PlyCount "79"]
[GameId "2160767910968801"]
[EventDate "2005.04.05"]
[EventType "tourn"]
[EventRounds "6"]
[EventCountry "CAN"]

1. Nf3 c5 2. c4 Nf6 3. Nc3 g6 4. d4 cxd4 5. Nxd4 Nc6 6. e4 d6 7. Be2 Bg7 8. Be3 O-O 9. O-O Nxd4 10. Bxd4 Bd7 11. Rc1 Bc6 12. f3 Bh6 13. Rb1 Nh5 14. Re1 Ng7 15. Bf1 f5 16. e5 dxe5 17. Bxe5 Bg5 18. c5 Bf6 19. Bc4+ Kh8 20. Qe2 a6 21. b4 b5 22. Rbd1 Qc8 23. Bd5 a5 24. a3 axb4 25. axb4 Ra3 26. Bxc6 Qxc6 27. Qxb5 Qc8 28. Nd5 Bxe5 29. Rxe5 e6 30. Nb6 Qc7 31. Ree1 Ra2 32. Rd7 Qf4 33. Qc4 Qxc4 34. Nxc4 Rc2 35. Ne5 Ra8 36. Red1 Raa2 37. Rd8+ Ne8 38. Rxe8+ Kg7 39. f4 Rxg2+ 40. Kf1 1/2-1/2

[Event "Gatineau LEO ferme"]
[Site "Gatineau CAN"]
[Date "2005.04.12"]
[Round "2"]
[White "Pepin, Christian"]
[Black "Gagnon, Fabien"]
[Result "0-1"]
[WhiteElo "1982"]
[BlackElo "2003"]
[PlyCount "78"]
[GameId "2160767910968802"]
[EventDate "2005.04.05"]
[EventType "tourn"]
[EventRounds "6"]
[EventCountry "CAN"]

1. e4 c5 2. Nf3 Nc6 3. d4 cxd4 4. Nxd4 Nf6 5. Nc3 g6 6. Be2 Bg7 7. Be3 O-O 8. O-O d5 9. exd5 Nxd5 10. Nxd5 Qxd5 11. Bf3 Qc4 12. Nxc6 bxc6 13. c3 Bf5 14. Qb3 Qa6 15. Bc5 Rab8 16. Qa3 Qxa3 17. Bxa3 Rfc8 18. Rfe1 Be6 19. h3 Bf6 20. Bg4 Bxg4 21. hxg4 e6 22. Red1 Rd8 23. Kf1 Rd5 24. Ke2 Bg7 25. Rd3 Bf8 26. Rad1 Bxa3 27. bxa3 Rb2+ 28. R1d2 Rxd2+ 29. Kxd2 Kf8 30. Ke3 h6 31. Rd4 Rxd4 32. Kxd4 Ke7 33. Kc5 Kd7 34. f4 f6 35. a4 e5 36. g5 hxg5 37. fxg5 fxg5 38. g4 Kc7 39. Kc4 Kd6 0-1

[Event "Gatineau LEO ferme"]
[Site "Gatineau CAN"]
[Date "2005.04.19"]
[Round "3"]
[White "Gagnon, Fabien"]
[Black "Laurin, Jacques"]
[Result "1-0"]
[WhiteElo "2003"]
[BlackElo "1913"]
[PlyCount "65"]
[GameId "2160767910968803"]
[EventDate "2005.04.05"]
[EventType "tourn"]
[EventRounds "6"]
[EventCountry "CAN"]

1. d4 d6 2. c4 Nf6 3. Nc3 c6 4. e4 Qa5 5. Bd3 e5 6. Nge2 Bg4 7. f3 Bh5 8. Be3 Be7 9. O-O Nbd7 10. d5 O-O 11. Qd2 Qd8 12. b4 Bg6 13. Rfd1 h6 14. Ng3 Nh7 15. dxc6 bxc6 16. Be2 Qc7 17. c5 Qb7 18. cxd6 Bg5 19. Rab1 Nb6 20. a4 Rad8 21. a5 Bxe3+ 22. Qxe3 Nd5 23. Nxd5 cxd5 24. a6 Qb8 25. Rxd5 Rxd6 26. Rxd6 Qxd6 27. Qxa7 Nf6 28. Qc5 Qd2 29. a7 Ra8 30. b5 Nd7 31. Qf2 Qc2 32. Ra1 Nc5 33. Bf1 1-0

[Event "Gatineau LEO ferme"]
[Site "Gatineau CAN"]
[Date "2005.04.25"]
[Round "4"]
[White "Brousseau, Yvan"]
[Black "Gagnon, Fabien"]
[Result "1-0"]
[WhiteElo "2035"]
[BlackElo "2003"]
[PlyCount "59"]
[GameId "2160767910968804"]
[EventDate "2005.04.05"]
[EventType "tourn"]
[EventRounds "6"]
[EventCountry "CAN"]

1. b3 e5 2. Bb2 d6 3. d4 Nd7 4. dxe5 dxe5 5. g3 Ngf6 6. Bg2 Bc5 7. e3 O-O 8. Ne2 Qe7 9. O-O Rd8 10. c4 c6 11. Qc2 Nf8 12. h3 Ng6 13. Nbc3 Be6 14. Rfd1 Qc7 15. Na4 Bf8 16. f4 exf4 17. exf4 Rxd1+ 18. Rxd1 Re8 19. Nd4 Bc8 20. a3 Nh5 21. Qf2 Qe7 22. f5 Ne5 23. Re1 Qc7 24. Re3 Nf6 25. Qe2 Bd7 26. g4 b5 27. cxb5 cxb5 28. Nxb5 Bxb5 29. Qxb5 Nfd7 30. Bc6 1-0

[Event "Gatineau LEO ferme"]
[Site "Gatineau CAN"]
[Date "2005.05.03"]
[Round "5"]
[White "Gagnon, Fabien"]
[Black "Pepin, Christian"]
[Result "1/2-1/2"]
[WhiteElo "2003"]
[BlackElo "1982"]
[PlyCount "150"]
[GameId "2160767910968805"]
[EventDate "2005.04.05"]
[EventType "tourn"]
[EventRounds "6"]
[EventCountry "CAN"]

1. e4 c6 2. d4 d5 3. exd5 cxd5 4. Bd3 Nc6 5. c3 Nf6 6. Bf4 e6 7. Nf3 Bd6 8. Bxd6 Qxd6 9. Qe2 O-O 10. O-O Qf4 11. Nbd2 Nd7 12. Rfe1 Re8 13. Bb5 Qd6 14. Ne5 Ndxe5 15. dxe5 Qe7 16. Qh5 Bd7 17. Bd3 g6 18. Qh6 Qf8 19. Qf4 Red8 20. Rad1 d4 21. cxd4 Nb4 22. Bc4 Bc6 23. Nf1 Rac8 24. Ne3 Bd5 25. Bxd5 Nxd5 26. Qe4 Nxe3 27. fxe3 Rd7 28. Rc1 Rdc7 29. Rxc7 Rxc7 30. Qd3 Qb4 31. Re2 Rc1+ 32. Kf2 Qe7 33. e4 Qh4+ 34. Qg3 Qxg3+ 35. hxg3 Kf8 36. Ke3 Ke7 37. d5 exd5 38. exd5 Rc4 39. Rd2 Rc8 40. Kd4 Rc1 41. g4 h6 42. b3 Rf1 43. g3 Kd7 44. a4 Rf3 45. Rd3 Rf1 46. Re3 Rd1+ 47. Kc5 Rc1+ 48. Kd4 Rd1+ 49. Ke4 Ke7 50. Rd3 Re1+ 51. Kd4 Rf1 52. d6+ Kd8 53. Kd5 Rf2 54. e6 fxe6+ 55. Kxe6 Re2+ 56. Kf6 g5 57. b4 Re4 58. Kg7 Rxg4 59. Kxh6 Rxb4 60. Kxg5 Rxa4 61. g4 b5 62. Kf5 Kd7 63. g5 Ra1 64. g6 Rf1+ 65. Kg5 Rg1+ 66. Kf6 Rf1+ 67. Kg7 b4 68. Kg8 a5 69. g7 a4 70. Rd4 a3 71. Rxb4 a2 72. Ra4 a1=Q 73. Rxa1 Rxa1 74. Kh7 Rh1+ 75. Kg6 Kxd6 1/2-1/2

[Event "Gatineau LEO ferme"]
[Site "Gatineau CAN"]
[Date "2005.05.07"]
[Round "6"]
[White "Laurin, Jacques"]
[Black "Gagnon, Fabien"]
[Result "0-1"]
[WhiteElo "1913"]
[BlackElo "2003"]
[PlyCount "76"]
[GameId "2160767910968806"]
[EventDate "2005.04.05"]
[EventType "tourn"]
[EventRounds "6"]
[EventCountry "CAN"]

1. c4 e6 2. g3 d5 3. cxd5 exd5 4. Bg2 Nf6 5. Nh3 Bd6 6. Nf4 c6 7. d4 O-O 8. Nc3 Re8 9. O-O Nbd7 10. Nd3 Nf8 11. b4 Bf5 12. b5 Qd7 13. Bf4 Bxf4 14. Nxf4 Ng6 15. bxc6 bxc6 16. Nd3 Bh3 17. Nc5 Qf5 18. f3 Re3 19. Qd2 Rae8 20. N3e4 R3xe4 21. fxe4 Qh5 22. e5 Ng4 23. e4 dxe4 24. Nxe4 Bxg2 25. Qxg2 f6 26. Nd6 Rd8 27. h3 Ne3 28. Qf3 Qxf3 29. Rxf3 Nc2 30. Rd1 fxe5 31. dxe5 Nxe5 32. Rf4 c5 33. Rdf1 Nd4 34. Kg2 Ng6 35. Rxd4 cxd4 36. Nf5 d3 37. Rd1 Ne5 38. Kf2 Rf8 0-1

[Event "Granby Marathon"]
[Site "Granby CAN"]
[Date "2005.05.06"]
[Round "1"]
[White "Caire, Francois"]
[Black "Deslandes, Raynald"]
[Result "1-0"]
[WhiteElo "2182"]
[BlackElo "1611"]
[PlyCount "65"]
[GameId "2160767910968532"]
[EventDate "2005.05.06"]
[EventType "swiss"]
[EventRounds "7"]
[EventCountry "CAN"]
[SourceTitle "CBM 106 Extra"]
[Source "ChessBase"]
[SourceDate "2005.07.01"]
[SourceVersion "1"]
[SourceVersionDate "2005.07.01"]
[SourceQuality "1"]

1. g4 e5 2. Bg2 d5 3. h3 Bc5 4. e3 c6 5. d4 exd4 6. exd4 Bd6 7. Nc3 Ne7 8. Nf3 O-O 9. Qd3 Re8 10. Be3 Ng6 11. O-O-O b6 12. Kb1 Ba6 13. Qd2 Nd7 14. h4 Qc7 15. h5 Nf4 16. Bf1 Bxf1 17. Rdxf1 Nf6 18. Ne5 Ne6 19. Rfg1 Nxd4 20. Bxd4 Bxe5 21. g5 Ne4 22. Nxe4 dxe4 23. Be3 Rad8 24. Qc1 Rd5 25. g6 Rb5 26. c3 f5 27. gxh7+ Kh8 28. h6 Rf8 29. Bd4 Bxd4 30. cxd4 Rf7 31. hxg7+ Rxg7 32. Rxg7 Qxg7 33. Qxc6 1-0

[Event "Granby Marathon"]
[Site "Granby CAN"]
[Date "2005.05.07"]
[Round "1"]
[White "Duplessis, Jean-Roch"]
[Black "Anastasovski, Nikola"]
[Result "0-1"]
[WhiteElo "1644"]
[BlackElo "2189"]
[PlyCount "62"]
[GameId "2160767910968534"]
[EventDate "2005.05.06"]
[EventType "swiss"]
[EventRounds "7"]
[EventCountry "CAN"]
[SourceTitle "CBM 106 Extra"]
[Source "ChessBase"]
[SourceDate "2005.07.01"]
[SourceVersion "1"]
[SourceVersionDate "2005.07.01"]
[SourceQuality "1"]

1. e4 e5 2. Nf3 Nc6 3. Nc3 Nf6 4. Bb5 Bc5 5. O-O d6 6. d4 exd4 7. Nxd4 Bd7 8. Bxc6 bxc6 9. Bg5 h6 10. Bh4 g5 11. Bg3 Qe7 12. Qd3 h5 13. h4 gxh4 14. Bxh4 Qe5 15. Nf3 Qe6 16. Bxf6 Qxf6 17. e5 Qg7 18. Ne4 O-O-O 19. Nxc5 dxc5 20. Rfd1 Kb7 21. Qe3 h4 22. Ne1 Rh5 23. Nd3 Rg8 24. Nxc5+ Ka8 25. Qf3 Rf5 26. Qh3 Rxf2 27. Nxd7 Qxg2+ 28. Qxg2 Rgxg2+ 29. Kh1 Rh2+ 30. Kg1 Rfg2+ 31. Kf1 h3 0-1

[Event "Granby Marathon"]
[Site "Granby CAN"]
[Date "2005.05.07"]
[Round "1"]
[White "Tremblay, Alain"]
[Black "Archambault, Joel"]
[Result "1-0"]
[WhiteElo "1349"]
[BlackElo "1138"]
[PlyCount "105"]
[GameId "2160767910968535"]
[EventDate "2005.05.06"]
[EventType "swiss"]
[EventRounds "7"]
[EventCountry "CAN"]
[SourceTitle "CBM 106 Extra"]
[Source "ChessBase"]
[SourceDate "2005.07.01"]
[SourceVersion "1"]
[SourceVersionDate "2005.07.01"]
[SourceQuality "1"]

1. e4 e5 2. Nf3 Nc6 3. Bc4 Qf6 4. d3 d6 5. Nc3 Be6 6. Bxe6 Qxe6 7. Nd5 O-O-O 8. c3 Nf6 9. Bg5 h6 10. Bxf6 gxf6 11. Nh4 h5 12. Qf3 Be7 13. Nf5 Bf8 14. O-O Be7 15. b4 Rde8 16. Ng7 Qg4 17. Qxg4+ hxg4 18. Nxe8 Rxe8 19. g3 Nd8 20. Nxe7+ Rxe7 21. a4 Ne6 22. f3 gxf3 23. Rxf3 Ng7 24. Raf1 Nh5 25. Rf5 Ng7 26. Rxf6 a6 27. Rxf7 Rxf7 28. Rxf7 Ne6 29. h4 Kd8 30. Rf6 Ng7 31. Rf8+ Ke7 32. Rf3 Nh5 33. Kg2 Ke6 34. c4 c6 35. Rf5 Nf6 36. Kf3 Kf7 37. g4 Kg7 38. h5 Nh7 39. g5 Kg8 40. Kg4 Kg7 41. a5 Nf8 42. h6+ Kg8 43. Rf6 b5 44. axb6 Nd7 45. b7 Nb8 46. g6 Kh8 47. g7+ Kh7 48. Rf8 Nd7 49. Rd8 Nb8 50. Rxb8 Kg6 51. g8=Q+ Kf6 52. Rf8+ Ke7 53. Rf7+ 1-0

[Event "Granby Marathon"]
[Site "Granby CAN"]
[Date "2005.05.07"]
[Round "2"]
[White "Ber, Alexandre"]
[Black "Ye, Ling Feng"]
[Result "1-0"]
[WhiteElo "1498"]
[BlackElo "1911"]
[PlyCount "103"]
[GameId "2160767910968536"]
[EventDate "2005.05.06"]
[EventType "swiss"]
[EventRounds "7"]
[EventCountry "CAN"]
[SourceTitle "CBM 106 Extra"]
[Source "ChessBase"]
[SourceDate "2005.07.01"]
[SourceVersion "1"]
[SourceVersionDate "2005.07.01"]
[SourceQuality "1"]

1. d4 Nf6 2. c4 g6 3. Nc3 Bg7 4. e4 d6 5. Be2 O-O 6. Nf3 e5 7. Bg5 Nc6 8. dxe5 dxe5 9. Qxd8 Nxd8 10. Bxf6 Bxf6 11. Nd5 Kg7 12. Nxc7 Rb8 13. Nd5 Nc6 14. Nxf6 Kxf6 15. h3 b6 16. O-O-O Bb7 17. Rd6+ Ke7 18. Rd2 Rfd8 19. Rhd1 Rxd2 20. Rxd2 f6 21. Ne1 Nd4 22. f3 Rc8 23. b3 b5 24. Kb2 Nxe2 25. Rxe2 bxc4 26. Rc2 cxb3 27. Rxc8 Bxc8 28. axb3 f5 29. exf5 gxf5 30. g3 Bb7 31. Kc3 Kd6 32. f4 Bc8 33. Kd3 Bb7 34. fxe5+ Kxe5 35. Ke3 Be4 36. Nd3+ Bxd3 37. Kxd3 h5 38. Ke3 a5 39. h4 Kd5 40. Kf4 Kd4 41. Kxf5 Kc3 42. g4 hxg4 43. Kxg4 Kxb3 44. h5 a4 45. h6 a3 46. h7 Kb2 47. h8=Q+ Kb1 48. Qh1+ Kb2 49. Qb7+ Ka1 50. Qc6 Kb2 51. Qb5+ Kc2 52. Qa5 1-0

[Event "Granby Marathon"]
[Site "Granby CAN"]
[Date "2005.05.07"]
[Round "2"]
[White "Breton, Jules"]
[Black "Archambault, Joel"]
[Result "1-0"]
[WhiteElo "1373"]
[BlackElo "1138"]
[PlyCount "49"]
[GameId "2160767910968537"]
[EventDate "2005.05.06"]
[EventType "swiss"]
[EventRounds "7"]
[EventCountry "CAN"]
[SourceTitle "CBM 106 Extra"]
[Source "ChessBase"]
[SourceDate "2005.07.01"]
[SourceVersion "1"]
[SourceVersionDate "2005.07.01"]
[SourceQuality "1"]

1. e4 e5 2. Nf3 Nc6 3. Bc4 Nf6 4. Nc3 Bc5 5. a3 O-O 6. b4 Bd4 7. Qe2 Bxc3 8. dxc3 d6 9. h3 Qe7 10. Bg5 h6 11. Bh4 Be6 12. Bd3 Rad8 13. Nh2 d5 14. f3 a6 15. g4 d4 16. c4 Rd7 17. Qf2 Qd8 18. g5 hxg5 19. Bxg5 Bxh3 20. Qh4 Bg2 21. Rg1 Bxf3 22. Nxf3 Re8 23. Bxf6 Qc8 24. Rxg7+ Kf8 25. Qh8# 1-0

[Event "Granby Marathon"]
[Site "Granby CAN"]
[Date "2005.05.07"]
[Round "3"]
[White "Beauchesne, Jonathan"]
[Black "Lemay, Hugo"]
[Result "1/2-1/2"]
[WhiteElo "1174"]
[BlackElo "1434"]
[PlyCount "53"]
[GameId "2160767910968538"]
[EventDate "2005.05.06"]
[EventType "swiss"]
[EventRounds "7"]
[EventCountry "CAN"]
[SourceTitle "CBM 106 Extra"]
[Source "ChessBase"]
[SourceDate "2005.07.01"]
[SourceVersion "1"]
[SourceVersionDate "2005.07.01"]
[SourceQuality "1"]

1. e4 c5 2. d4 cxd4 3. c3 dxc3 4. Nxc3 a6 5. Bc4 e6 6. Nf3 Nc6 7. O-O Bc5 8. Qe2 Rb8 9. a4 Nge7 10. Rd1 Qb6 11. Bf4 Ra8 12. Rd2 O-O 13. Rad1 Ng6 14. Bd6 Bxd6 15. Rxd6 Qc7 16. Ba2 Rd8 17. Qc4 Qa5 18. Bb1 Qh5 19. Qd3 e5 20. Ne2 Nf8 21. Qc4 b5 22. axb5 axb5 23. Qd5 Ba6 24. Ng3 Qg4 25. Nxe5 Nxe5 26. Qxe5 Re8 27. Qf5 1/2-1/2

[Event "Granby Marathon"]
[Site "Granby CAN"]
[Date "2005.05.07"]
[Round "3"]
[White "Caire, Francois"]
[Black "Lewis, Patrick"]
[Result "1-0"]
[WhiteElo "2182"]
[BlackElo "1563"]
[PlyCount "53"]
[GameId "2160767910968539"]
[EventDate "2005.05.06"]
[EventType "swiss"]
[EventRounds "7"]
[EventCountry "CAN"]
[SourceTitle "CBM 106 Extra"]
[Source "ChessBase"]
[SourceDate "2005.07.01"]
[SourceVersion "1"]
[SourceVersionDate "2005.07.01"]
[SourceQuality "1"]

1. d4 d5 2. Nf3 Nf6 3. c4 c6 4. Nc3 e6 5. e3 Nbd7 6. Bd3 dxc4 7. Bxc4 b5 8. Bd3 Bb7 9. O-O a6 10. a4 b4 11. Ne4 c5 12. Nxc5 Bxc5 13. dxc5 Nxc5 14. Bc4 Qc7 15. b3 Bd5 16. Bxd5 Nxd5 17. Bb2 Nc3 18. Bxc3 bxc3 19. Qc2 Nd7 20. Rfc1 Rc8 21. Nd4 O-O 22. Ne2 Qa5 23. Nxc3 Rc5 24. Rab1 Rfc8 25. b4 Rxc3 26. Qxc3 Rxc3 27. bxa5 1-0

[Event "Granby Marathon"]
[Site "Granby CAN"]
[Date "2005.05.07"]
[Round "3"]
[White "Leger, Maxime"]
[Black "Leveille, Philippe"]
[Result "1-0"]
[WhiteElo "1669"]
[BlackElo "1589"]
[PlyCount "75"]
[GameId "2160767910968540"]
[EventDate "2005.05.06"]
[EventType "swiss"]
[EventRounds "7"]
[EventCountry "CAN"]
[SourceTitle "CBM 106 Extra"]
[Source "ChessBase"]
[SourceDate "2005.07.01"]
[SourceVersion "1"]
[SourceVersionDate "2005.07.01"]
[SourceQuality "1"]

1. e4 e6 2. d4 d5 3. Nc3 dxe4 4. Nxe4 Bd7 5. Bd3 Bc6 6. c3 f5 7. Ng3 Bxg2 8. Bf4 Nf6 9. Qe2 Qe7 10. O-O-O Bxh1 11. Nxh1 Nd5 12. Nh3 Nd7 13. Re1 O-O-O 14. Bg5 N5f6 15. d5 Nc5 16. Bc4 h6 17. Bxf6 Qxf6 18. dxe6 Bd6 19. f4 Ne4 20. Ng3 Qh4 21. Nxf5 Bxf4+ 22. Kc2 Qxh3 23. Qxe4 Qxh2+ 24. Kb3 Bg5 25. e7 Bxe7 26. Nxe7+ Kb8 27. Ba6 bxa6 28. Nc6+ Kc8 29. Nxa7+ Kb8 30. Nc6+ Kc8 31. Nxd8 Qd2 32. Qg4+ Kxd8 33. Rd1 Qxd1+ 34. Qxd1+ Ke7 35. Qe2+ Kd8 36. Qd3+ Ke7 37. Qe4+ Kd6 38. Qd4+ 1-0

[Event "Granby Marathon"]
[Site "Granby CAN"]
[Date "2005.05.07"]
[Round "3"]
[White "Ye, Ling Feng"]
[Black "Poirier, Vincent"]
[Result "1-0"]
[WhiteElo "1911"]
[BlackElo "1498"]
[PlyCount "57"]
[GameId "2160767910968541"]
[EventDate "2005.05.06"]
[EventType "swiss"]
[EventRounds "7"]
[EventCountry "CAN"]
[SourceTitle "CBM 106 Extra"]
[Source "ChessBase"]
[SourceDate "2005.07.01"]
[SourceVersion "1"]
[SourceVersionDate "2005.07.01"]
[SourceQuality "1"]

1. e4 c5 2. Nc3 Nc6 3. Nf3 d6 4. d4 cxd4 5. Nxd4 a6 6. Be3 Nf6 7. Be2 e6 8. a4 Be7 9. O-O O-O 10. f4 Bd7 11. Nb3 a5 12. Bf3 Qc7 13. Nb5 Qb8 14. Bb6 Nb4 15. Nc7 d5 16. e5 Ne8 17. Nxa8 Qxa8 18. Bxa5 Nc6 19. Bb6 Bd8 20. Bxd8 Qxd8 21. Kh1 Qb6 22. a5 Qb4 23. Qd2 Qe7 24. Nd4 g6 25. Be2 Nxd4 26. Qxd4 Ng7 27. Bd3 Kh8 28. Ra3 Rg8 29. Rb3 1-0